000
00303nam a2200109Ia 4500
008
200302s9999 xx 000 0 und d
100
_a
Alessia Ferrarini
245
_a
Railway Stations from the gare de L'est to Penn Station
260
_b
Electa Architecture Publisher
260
_c
2005
300
_a
217 P.,
999
_c
2972
_d
2972